000 00677cam a22002534a 4500
001 13274717
005 20180227092526.0
008 030714s2005 maua b 001 0 eng
010 _a 2003109909
020 _a061835459X (hbk.)
035 _a(DLC) 2003109909
040 _aDLC
_cDLC
_dDLC
041 _aeng
042 _apcc
080 _a658 RIC
082 0 0 _a658 RIC
_222
100 1 _a53
101 _aMAN
245 1 0 _aManagement /
_cRicky Griffin.
504 _aIncludes bibliographical references and indexes.
906 _a7
_bcbc
_corignew
_d2
_eepcn
_f20
_gy-gencatlg
942 _2ddc
_cBK
999 _c43647
_d43647